[Event "BL 1617 Schwäbisch Hall - Bayern Münc"]
[Site "?"]
[Date "2017.03.18"]
[Round "9.5"]
[White "Lindgren, Philip"]
[Black "Wirig, Anthony"]
[Result "1/2-1/2"]
[WhiteElo "2421"]
[BlackElo "2476"]
[PlyCount "158"]
[EventDate "2017.??.??"]

1. d4 Nf6 2. c4 e6 3. Nf3 Bb4+ 4. Nbd2 d6 5. a3 Bxd2+ 6. Qxd2 Nbd7 7. e3 e5 8.
dxe5 dxe5 9. Be2 a5 10. b3 Qe7 11. Bb2 b6 12. O-O Bb7 13. Qc2 O-O 14. Nd2 Rfe8
15. Bc3 Nc5 16. Rfd1 Nfe4 17. b4 Qh4 18. Nxe4 Bxe4 19. Qb2 Qg5 20. Bf1 Na4 21.
Qb3 Nxc3 22. Qxc3 Re6 23. Rd2 h5 24. c5 h4 25. cxb6 cxb6 26. Qc4 Bf3 27. bxa5
bxa5 28. Rd7 Rf8 29. Rb1 Bxg2 30. Bxg2 h3 31. Qd5 Rg6 32. Kh1 Qxg2+ 33. Qxg2
Rxg2 34. Rd5 Rxf2 35. Rxe5 Rc8 36. Rh5 Rf3 37. Rxa5 Rxe3 38. a4 Rc2 39. Rh5 g6
40. Rg1 Ra2 41. Rh4 Kg7 42. Rb1 f5 43. Kg1 Kf6 44. Rh6 Kg5 45. Rh8 Rxa4 46. Kh1
Ra6 47. Rg1+ Kf6 48. Rh6 Kg7 49. Rh5 Rf3 50. Rh4 Re6 51. Ra4 Kf6 52. Rh4 Kg7
53. Ra4 Rfe3 54. Ra7+ Kh6 55. Ra8 Kg7 56. Ra7+ Kf6 57. Rh7 R6e4 58. Rh6 Rg4 59.
Ra1 Kg5 60. Rh8 Rd3 61. Rh7 Rc3 62. Rh8 Re3 63. Rh7 Rb3 64. Rh8 Kf4 65. Rf1+
Ke5 66. Re8+ Kf6 67. Rf8+ Kg7 68. R1xf5 Rb1+ 69. Rf1 Rgb4 70. Kg1 Rxf1+ 71.
Rxf1 Rb3 72. Ra1 Kh6 73. Rc1 Kh5 74. Rf1 g5 75. Ra1 Rb2 76. Rc1 g4 77. Ra1 Kh4
78. Rc1 Re2 79. Ra1 Kg5 1/2-1/2

[Event "BL 1617 Schwäbisch Hall - Bayern Münc"]
[Site "?"]
[Date "2017.03.18"]
[Round "9.8"]
[White "Zpevak, Pavel"]
[Black "Richter, Wolfgang"]
[Result "1/2-1/2"]
[WhiteElo "2355"]
[BlackElo "2387"]
[PlyCount "40"]
[EventDate "2017.??.??"]

1. d4 f5 2. Nf3 Nf6 3. Bf4 g6 4. e3 Bg7 5. Be2 d6 6. h3 O-O 7. O-O Nc6 8. Bb5
Bd7 9. Nc3 Qe8 10. Bh2 a6 11. Ba4 Kh8 12. Re1 b5 13. Bb3 e5 14. Nd5 Nxd5 15.
Bxd5 e4 16. Nd2 Be6 17. Bb3 Na5 18. c3 Qe7 19. Bxe6 Qxe6 20. b4 Nc4 1/2-1/2

[Event "BL 1617 USV TU Dresden - MSA Zugzwang"]
[Site "?"]
[Date "2017.03.18"]
[Round "9.1"]
[White "Kindermann, Stefan"]
[Black "Eljanov, Pavel"]
[Result "0-1"]
[WhiteElo "2505"]
[BlackElo "2759"]
[PlyCount "84"]
[EventDate "2017.??.??"]

1. d4 Nf6 2. Bg5 e6 3. e4 h6 4. Bxf6 Qxf6 5. c3 d6 6. Bd3 g6 7. Ne2 Bg7 8. O-O
e5 9. f4 Qe7 10. f5 Nd7 11. Qb3 gxf5 12. Rxf5 O-O 13. Rf2 Qg5 14. Na3 Nf6 15.
Nc4 Rb8 16. Rd1 b5 17. Nd2 exd4 18. cxd4 c5 19. Bb1 Ng4 20. Nf3 c4 21. Qc3 b4
22. Qxc4 Qe3 23. Rdf1 Be6 24. d5 Bd7 25. Ned4 Bxd4 26. Qxd4 Qxd4 27. Nxd4 Nxf2
28. Kxf2 Rbc8 29. Ke3 Kg7 30. Bd3 Rfe8 31. Bb5 Bxb5 32. Nxb5 Red8 33. Nd4 Rc5
34. Nf5+ Kf8 35. Nxh6 Rd7 36. Rf2 Rdc7 37. Nf5 Rc2 38. Nd4 Rxf2 39. Kxf2 Rc1
40. Ke3 Rg1 41. Kf3 Ra1 42. b3 Rxa2 0-1

[Event "BL 1617 USV TU Dresden - MSA Zugzwang"]
[Site "?"]
[Date "2017.03.18"]
[Round "9.2"]
[White "Nisipeanu, Liviu-Dieter"]
[Black "Mons, Leon"]
[Result "1/2-1/2"]
[WhiteElo "2680"]
[BlackElo "2469"]
[PlyCount "91"]
[EventDate "2017.??.??"]

1. e4 e5 2. Nf3 Nc6 3. Bc4 Nf6 4. d3 h6 5. O-O d6 6. c3 g6 7. d4 Qe7 8. Re1 Bg7
9. Nbd2 O-O 10. h3 Bd7 11. Nf1 Rae8 12. Ng3 Qd8 13. Bb3 Kh8 14. Bc2 Ng8 15. Be3
exd4 16. cxd4 Nce7 17. Rc1 c6 18. d5 Qa5 19. Bd4 cxd5 20. Bb3 Be6 21. exd5 Bxd5
22. Ne4 Bxe4 23. Rxe4 d5 24. Bxg7+ Kxg7 25. Ra4 Qb6 26. Qd4+ Qxd4 27. Nxd4 Rc8
28. Rxc8 Nxc8 29. Nb5 a6 30. Nc7 Nge7 31. Rb4 Nd6 32. Nxd5 Nxd5 33. Bxd5 b5 34.
Rb3 Nc4 35. Bxc4 bxc4 36. Rc3 Rd8 37. Rc2 Rd1+ 38. Kh2 Rd4 39. Kg3 Kf6 40. Kf3
Ke5 41. Ke2 Re4+ 42. Kd2 Kd4 43. Rc3 Rf4 44. f3 Rf6 45. Re3 Re6 46. Ra3 1/2-1/2

[Event "BL 1617 USV TU Dresden - MSA Zugzwang"]
[Site "?"]
[Date "2017.03.18"]
[Round "9.7"]
[White "Dr. Hoffmeyer, Falk"]
[Black "Moehn, Hans"]
[Result "1/2-1/2"]
[WhiteElo "2353"]
[BlackElo "2376"]
[PlyCount "42"]
[EventDate "2017.??.??"]

1. d4 Nf6 2. Bf4 g6 3. Nc3 d5 4. Qd2 a6 5. Nf3 b6 6. Bh6 Bxh6 7. Qxh6 e6 8. Ne5
Qe7 9. e3 Nbd7 10. Nxd7 Nxd7 11. Be2 Bb7 12. O-O Qf8 13. Qf4 Qd6 14. Qxd6 cxd6
15. a4 Ke7 16. Na2 Rhc8 17. c3 Nb8 18. Nb4 Nc6 19. Nxc6+ Bxc6 20. Ra3 Kd7 21.
Rfa1 a5 1/2-1/2

[Event "BL 1617 OSG Baden Baden - Hamburger SK"]
[Site "?"]
[Date "2017.03.19"]
[Round "10.3"]
[White "Svane, Rasmus"]
[Black "Vallejo Pons, Francisco"]
[Result "1/2-1/2"]
[WhiteElo "2570"]
[BlackElo "2709"]
[PlyCount "62"]
[EventDate "2017.??.??"]

1. Nf3 d5 2. d4 e6 3. c4 a6 4. cxd5 exd5 5. Nc3 c6 6. e4 dxe4 7. Ng5 h6 8.
Ngxe4 Nf6 9. Nxf6+ Qxf6 10. Bc4 Bd6 11. Ne4 Bb4+ 12. Bd2 Bxd2+ 13. Qxd2 Qg6 14.
O-O O-O 15. Qf4 Nd7 16. Bb3 Nb6 17. Nc5 Nd5 18. Bxd5 cxd5 19. Rfe1 b6 20. Na4
Bd7 21. Nc3 Be6 22. Re3 b5 23. Qe5 Rac8 24. Rae1 Rfd8 25. a3 Qg5 26. Rd1 Rc4
27. Qxg5 hxg5 28. h3 Rd6 29. Rd2 Rb6 30. Nd1 b4 31. Rb3 a5 1/2-1/2

[Event "BL 1617 OSG Baden Baden - Hamburger SK"]
[Site "?"]
[Date "2017.03.19"]
[Round "10.4"]
[White "Bacrot, Etienne"]
[Black "Huschenbeth, Niclas"]
[Result "1/2-1/2"]
[WhiteElo "2695"]
[BlackElo "2581"]
[PlyCount "105"]
[EventDate "2017.??.??"]

1. e4 c5 2. Nf3 d6 3. Bb5+ Nd7 4. O-O a6 5. Bd3 Ngf6 6. Re1 e6 7. c3 b5 8. Bc2
c4 9. a4 Bb7 10. d4 cxd3 11. Qxd3 Nc5 12. Qe2 bxa4 13. Be3 Nfd7 14. Bd4 e5 15.
Bxc5 Nxc5 16. c4 Be7 17. Nc3 O-O 18. Nxa4 Nxa4 19. Bxa4 Qb6 20. Qe3 Qxe3 21.
Rxe3 Rac8 22. b3 g6 23. Rd1 Rc7 24. Nd2 f5 25. Ree1 Bd8 26. b4 Kg7 27. Bb3 Be7
28. Bc2 Kf6 29. Rb1 h5 30. Bd3 Rb8 31. Rb3 Bc8 32. Kf1 Be6 33. Ra1 Rb6 34. b5
axb5 35. Rxb5 Rcb7 36. Rab1 Rxb5 37. cxb5 d5 38. exd5 Bxd5 39. Bc4 Ke6 40. b6
Bc5 41. Rb5 Bxc4+ 42. Nxc4 Bd4 43. h4 Kd7 44. Rd5+ Kc6 45. Rd8 Rg7 46. Rb8 Bxb6
47. Nxe5+ Kd5 48. Rxb6 Kxe5 49. Ke2 g5 50. hxg5 Rxg5 51. Kf3 Rg4 52. Rb5+ Kf6
53. Rb6+ 1/2-1/2

[Event "BL 1617 OSG Baden Baden - Hamburger SK"]
[Site "?"]
[Date "2017.03.19"]
[Round "10.5"]
[White "Ftacnik, Lubomir"]
[Black "Naiditsch, Arkadij"]
[Result "1/2-1/2"]
[WhiteElo "2550"]
[BlackElo "2702"]
[PlyCount "65"]
[EventDate "2017.??.??"]

1. Nf3 Nf6 2. c4 g6 3. Nc3 Bg7 4. e4 d6 5. d4 O-O 6. Be2 e5 7. O-O Qe8 8. dxe5
dxe5 9. Be3 b6 10. Nd5 Na6 11. Nd2 Nd7 12. a4 c6 13. Nc3 Qe7 14. a5 Rd8 15.
axb6 axb6 16. Qb1 Bb7 17. Rd1 Nb4 18. Rxa8 Rxa8 19. Nb3 h5 20. Qc1 Bf8 21. h4
Bc8 22. g3 Na6 23. Na1 Ndc5 24. Qb1 Kh7 25. b4 Ne6 26. b5 Qa3 27. Nc2 Qxc3 28.
Bd2 Nd4 29. Nxd4 Qxd4 30. bxa6 Qc5 31. Be3 Qe7 32. Qxb6 Rxa6 33. Qb8 1/2-1/2

[Event "BL 1617 OSG Baden Baden - Hamburger SK"]
[Site "?"]
[Date "2017.03.19"]
[Round "10.6"]
[White "Movsesian, Sergei"]
[Black "Lampert, Jonas"]
[Result "1/2-1/2"]
[WhiteElo "2679"]
[BlackElo "2504"]
[PlyCount "41"]
[EventDate "2017.??.??"]

1. Nf3 d5 2. g3 g6 3. c4 dxc4 4. Na3 Bg7 5. Nxc4 Nc6 6. d3 e5 7. Bd2 Nge7 8.
Bc3 f6 9. Qb3 b6 10. h4 Be6 11. Bh3 Bxh3 12. Rxh3 Qd7 13. Rh1 Nf5 14. O-O-O
Ncd4 15. Bxd4 Nxd4 16. Nxd4 exd4 17. Kb1 Qd5 18. h5 O-O 19. hxg6 hxg6 20. Rh4
f5 21. Nd2 1/2-1/2

[Event "BL 1617 SP Schwegenheim - Werder Bremen"]
[Site "?"]
[Date "2017.03.19"]
[Round "10.1"]
[White "Fressinet, Laurent"]
[Black "Feller, Sebastien"]
[Result "1/2-1/2"]
[WhiteElo "2660"]
[BlackElo "2574"]
[PlyCount "60"]
[EventDate "2017.??.??"]

1. d4 Nf6 2. Nf3 g6 3. c4 Bg7 4. g3 O-O 5. Bg2 c6 6. O-O d5 7. b3 a5 8. Nc3 Ne4
9. Bb2 Bf5 10. e3 Nxc3 11. Bxc3 Be4 12. Qe2 e6 13. Rfc1 Nd7 14. Bf1 Bxf3 15.
Qxf3 f5 16. cxd5 exd5 17. b4 axb4 18. Bxb4 Rf7 19. a4 Nf6 20. a5 Qe8 21. Qe2 h5
22. a6 h4 23. Be1 hxg3 24. hxg3 Ne4 25. Qc2 c5 26. axb7 Rxa1 27. Rxa1 Rxb7 28.
Qa2 c4 29. Qa5 Qd7 30. Bg2 Kh7 1/2-1/2

[Event "BL 1617 SP Schwegenheim - Werder Bremen"]
[Site "?"]
[Date "2017.03.19"]
[Round "10.4"]
[White "Starostits, Ilmars"]
[Black "Efimenko, Zahar"]
[Result "1/2-1/2"]
[WhiteElo "2425"]
[BlackElo "2648"]
[PlyCount "51"]
[EventDate "2017.??.??"]

1. d4 Nf6 2. Nf3 g6 3. Nc3 d5 4. Bf4 c6 5. e3 Nh5 6. Bg5 h6 7. Bh4 Nd7 8. g4
Nhf6 9. h3 Bg7 10. Bg3 b5 11. Ne5 Bb7 12. Bg2 O-O 13. f4 c5 14. f5 gxf5 15.
gxf5 b4 16. Ne2 Ne4 17. Bf4 e6 18. Bxe4 dxe4 19. Nxd7 Qxd7 20. Rg1 Qe7 21.
Rxg7+ Kxg7 22. f6+ Kxf6 23. Ng3 Kg7 24. Bxh6+ Kxh6 25. Qh5+ Kg7 26. Qg4+
1/2-1/2

[Event "BL 1617 SP Schwegenheim - Werder Bremen"]
[Site "?"]
[Date "2017.03.19"]
[Round "10.6"]
[White "Bratanov, Zsivko"]
[Black "Werle, Jan"]
[Result "1/2-1/2"]
[WhiteElo "2409"]
[BlackElo "2520"]
[PlyCount "56"]
[EventDate "2017.??.??"]

1. d4 Nf6 2. c4 e6 3. Nc3 Bb4 4. e3 O-O 5. Bd3 d5 6. Nge2 c5 7. cxd5 cxd4 8.
exd4 Nxd5 9. O-O Nc6 10. Nxd5 Qxd5 11. a3 Be7 12. Be3 Bf6 13. Qc2 h6 14. Rfd1
Qd8 15. Bh7+ Kh8 16. Be4 Bd7 17. Nc3 Rc8 18. d5 exd5 19. Rxd5 Qe8 20. Bxh6 gxh6
21. Qd2 Bg5 22. Rxg5 hxg5 23. Qxg5 Qe6 24. Qh4+ Kg7 25. Qg5+ Kh8 26. Qh5+ Kg7
27. Qh7+ Kf6 28. Qh4+ Kg7 1/2-1/2

[Event "BL 1617 SP Schwegenheim - Werder Bremen"]
[Site "?"]
[Date "2017.03.19"]
[Round "10.8"]
[White "Kraemer, Enrico"]
[Black "Markgraf, Rolf-Alexander"]
[Result "1/2-1/2"]
[WhiteElo "2239"]
[BlackElo "2509"]
[PlyCount "87"]
[EventDate "2017.??.??"]

1. d4 f5 2. Bg5 g6 3. Nc3 Bg7 4. h4 d5 5. Qd2 c6 6. e3 Nd7 7. h5 h6 8. Bf4 g5
9. Bg3 e5 10. dxe5 Nxe5 11. O-O-O Qe7 12. Nf3 Nxf3 13. gxf3 Nf6 14. f4 g4 15.
Bh4 Qb4 16. a3 Qb6 17. Na4 Qc7 18. Bxf6 Bxf6 19. Nc5 Qe7 20. Nb3 Bd7 21. Kb1
O-O-O 22. Nd4 Bg7 23. Bd3 Rhf8 24. c3 c5 25. Ne2 Kb8 26. Ng3 Be6 27. Rhe1 Qf7
28. Qe2 Rd6 29. Rc1 Rb6 30. Ka1 Qd7 31. Qc2 Ka8 32. Rb1 Rf6 33. Red1 Rf7 34.
Rd2 Rf8 35. Be2 d4 36. c4 Qf7 37. Bd3 dxe3 38. fxe3 a6 39. Ka2 Rd8 40. b3 Rbd6
41. Rbd1 Qf6 42. e4 Qc3 43. Qb1 b5 44. Ne2 1/2-1/2

[Event "BL 1617 SG Trier - Schachfr. Berlin"]
[Site "?"]
[Date "2017.03.19"]
[Round "10.2"]
[White "Lupulescu, Constantin"]
[Black "Piorun, Kacper"]
[Result "1/2-1/2"]
[WhiteElo "2620"]
[BlackElo "2651"]
[PlyCount "40"]
[EventDate "2017.??.??"]

1. d4 Nf6 2. c4 g6 3. Nc3 d5 4. cxd5 Nxd5 5. e4 Nxc3 6. bxc3 Bg7 7. Nf3 c5 8.
h3 O-O 9. Be3 b6 10. Rc1 e6 11. Bd3 cxd4 12. cxd4 Bb7 13. O-O Nc6 14. Qa4 Qd6
15. Rfd1 Rac8 16. d5 exd5 17. exd5 Ne5 18. Nxe5 Bxe5 19. Qxa7 Rxc1 20. Rxc1
Bxd5 1/2-1/2

[Event "BL 1617 SG Trier - Schachfr. Berlin"]
[Site "?"]
[Date "2017.03.19"]
[Round "10.3"]
[White "Jakubowski, Krzysztof"]
[Black "Parligras, Mircea-Emilian"]
[Result "1/2-1/2"]
[WhiteElo "2534"]
[BlackElo "2603"]
[PlyCount "55"]
[EventDate "2017.??.??"]

1. e4 e5 2. Nf3 Nc6 3. Bb5 Nf6 4. O-O Nxe4 5. d4 Nd6 6. Bxc6 dxc6 7. dxe5 Nf5
8. Qxd8+ Kxd8 9. Nc3 Ke8 10. h3 h5 11. b3 b6 12. Bb2 Bb7 13. Rad1 Be7 14. Nd4
Nxd4 15. Rxd4 h4 16. Rfd1 Rd8 17. Rxd8+ Bxd8 18. Ne2 Rh5 19. f4 Be7 20. Nd4 Bc5
21. Kf1 Bxd4 22. Bxd4 Rf5 23. Be3 g5 24. Rd2 c5 25. Rf2 gxf4 26. Bxf4 Be4 27.
c3 Ke7 28. g4 1/2-1/2

[Event "BL 1617 SG Trier - Schachfr. Berlin"]
[Site "?"]
[Date "2017.03.19"]
[Round "10.5"]
[White "Lauber, Arnd"]
[Black "Cyborowski, Lukasz"]
[Result "1/2-1/2"]
[WhiteElo "2424"]
[BlackElo "2534"]
[PlyCount "28"]
[EventDate "2017.??.??"]

1. d4 Nf6 2. c4 e6 3. Nc3 d5 4. cxd5 exd5 5. Bg5 c6 6. e3 Be7 7. Qc2 Nbd7 8.
Bd3 Nh5 9. Bxe7 Qxe7 10. Nf3 Nf4 11. Bf1 Ne6 12. Bd3 Nf4 13. Bf1 Ne6 14. Bd3
Nf4 1/2-1/2

[Event "BL 1617 SG Trier - Schachfr. Berlin"]
[Site "?"]
[Date "2017.03.19"]
[Round "10.6"]
[White "Gonda, Laszlo"]
[Black "Baldauf, Marco"]
[Result "1/2-1/2"]
[WhiteElo "2487"]
[BlackElo "2439"]
[PlyCount "44"]
[EventDate "2017.??.??"]

1. c4 c5 2. Nf3 Nf6 3. Nc3 e6 4. g3 b6 5. Bg2 Bb7 6. O-O Be7 7. d4 cxd4 8. Qxd4
O-O 9. Rd1 d6 10. b3 Nbd7 11. Bb2 a6 12. Ne1 Bxg2 13. Nxg2 Qc7 14. Ne4 Rfd8 15.
Rac1 Qc6 16. Nxf6+ Nxf6 17. Ne3 Qb7 18. Qf4 Qe4 19. Qxe4 Nxe4 20. f3 Nc5 21.
Rc2 f5 22. Ng2 Kf7 1/2-1/2

[Event "BL 1617 DJK Aachen - SK König Tegel"]
[Site "?"]
[Date "2017.03.19"]
[Round "10.2"]
[White "Iturrizaga Bonelli, Eduardo Pa"]
[Black "Rabiega, Robert"]
[Result "1/2-1/2"]
[WhiteElo "2652"]
[BlackElo "2504"]
[PlyCount "41"]
[EventDate "2017.??.??"]

1. c4 e5 2. Nc3 Nf6 3. Nf3 Nc6 4. a3 g6 5. e3 Bg7 6. Qc2 O-O 7. Be2 d5 8. cxd5
Nxd5 9. h4 h6 10. Bc4 Nce7 11. Ba2 c6 12. d3 b6 13. e4 Nc7 14. Be3 Be6 15. Ne2
Bxa2 16. Rxa2 Qd7 17. b4 Rad8 18. d4 exd4 19. Bxd4 Bxd4 20. Nexd4 Ne6 21. Nxe6
1/2-1/2

[Event "BL 1617 DJK Aachen - SK König Tegel"]
[Site "?"]
[Date "2017.03.19"]
[Round "10.3"]
[White "Moreno Tejera, Emilio"]
[Black "van Foreest, Jorden"]
[Result "1/2-1/2"]
[WhiteElo "2426"]
[BlackElo "2584"]
[PlyCount "74"]
[EventDate "2017.??.??"]

1. e4 e5 2. Nf3 Nc6 3. Bc4 Bc5 4. O-O Nf6 5. d3 d6 6. a4 a6 7. c3 Ba7 8. Na3
O-O 9. h3 Be6 10. Be3 Bxe3 11. fxe3 Qd7 12. Bxe6 Qxe6 13. Ng5 Qe7 14. Qb3 Rab8
15. Nf3 Rfe8 16. Nc2 Nd8 17. a5 Ne6 18. Qa2 c6 19. b4 Rbd8 20. c4 Nc7 21. Nd2
d5 22. exd5 cxd5 23. c5 Nh5 24. Qb2 Nb5 25. Rae1 Qe6 26. Na3 Nxa3 27. Qxa3 Qg6
28. Nf3 d4 29. exd4 Nf4 30. Qa2 Qg3 31. Nxe5 Nxh3+ 32. Kh1 Ng5 33. Nxf7 Qh4+
34. Kg1 Qxd4+ 35. Kh2 Qh4+ 36. Kg1 Qd4+ 37. Kh2 Qh4+ 1/2-1/2

[Event "BL 1617 DJK Aachen - SK König Tegel"]
[Site "?"]
[Date "2017.03.19"]
[Round "10.4"]
[White "Hoffmann, Michael"]
[Black "Muse, Mladen"]
[Result "1/2-1/2"]
[WhiteElo "2465"]
[BlackElo "2391"]
[PlyCount "40"]
[EventDate "2017.??.??"]

1. e4 d5 2. exd5 Qxd5 3. Nc3 Qd6 4. d4 Nf6 5. Nf3 a6 6. g3 Bg4 7. Bg2 Nc6 8.
O-O O-O-O 9. h3 Bh5 10. Bf4 Qb4 11. g4 Bg6 12. a3 Qxb2 13. Qe1 e6 14. Ne5 Nd5
15. Nxd5 exd5 16. Nxc6 bxc6 17. Bg5 Bd6 18. Bxd8 Rxd8 19. c3 Kd7 20. Qe3 Re8
1/2-1/2

[Event "BL 1617 DJK Aachen - SK König Tegel"]
[Site "?"]
[Date "2017.03.19"]
[Round "10.5"]
[White "Bruedigam, Martin"]
[Black "Zaragatski, Ilja"]
[Result "1/2-1/2"]
[WhiteElo "2405"]
[BlackElo "2504"]
[PlyCount "125"]
[EventDate "2017.??.??"]

1. e4 c5 2. Nf3 e6 3. g3 Nc6 4. Bg2 Nf6 5. d3 Be7 6. O-O d5 7. Qe2 b6 8. e5 Nd7
9. c4 d4 10. h4 Bb7 11. Re1 h6 12. h5 Qc7 13. Na3 O-O-O 14. Nc2 g5 15. hxg6
fxg6 16. b4 Nxb4 17. Nxb4 cxb4 18. Nxd4 Bxg2 19. Kxg2 Nc5 20. Bb2 Qb7+ 21. Kh2
h5 22. Rad1 h4 23. g4 Rhf8 24. Rf1 Rf4 25. Nb5 Rdf8 26. Bc1 h3 27. f3 Rxf3 28.
Bg5 Rxf1 29. Rxf1 Qg2+ 30. Qxg2 hxg2 31. Rxf8+ Bxf8 32. Nxa7+ Kb7 33. Nb5 Nxd3
34. Kxg2 Bc5 35. Nd6+ Bxd6 36. exd6 Kc6 37. Kf3 Ne5+ 38. Ke4 Nxg4 39. Kf4 Nf2
40. Ke5 Kd7 41. Bd2 Nd3+ 42. Kd4 Nc5 43. Bxb4 Kxd6 44. a4 e5+ 45. Ke3 Ke6 46.
Bxc5 bxc5 47. Ke4 Kd6 48. a5 Kc6 49. Kxe5 g5 50. Kf5 Kb7 51. Kxg5 Ka6 52. Kf4
Kxa5 53. Ke5 Kb6 54. Kd6 Kb7 55. Kxc5 Kc7 56. Kb5 Kb7 57. c5 Kc7 58. c6 Kc8 59.
Kc4 Kc7 60. Kc5 Kc8 61. Kb6 Kb8 62. c7+ Kc8 63. Kc6 1/2-1/2

[Event "BL 1617 SV Hockenheim - SV Mülheim Nor"]
[Site "?"]
[Date "2017.03.19"]
[Round "10.1"]
[White "Navara, David"]
[Black "Tomashevsky, Evgeny"]
[Result "1-0"]
[WhiteElo "2730"]
[BlackElo "2711"]
[PlyCount "109"]
[EventDate "2017.??.??"]

1. d4 Nf6 2. c4 e6 3. Nc3 Bb4 4. e3 c5 5. Nge2 cxd4 6. exd4 d5 7. c5 Ne4 8. Bd2
Nxd2 9. Qxd2 b6 10. a3 Bxc3 11. Nxc3 a5 12. Bb5+ Bd7 13. O-O bxc5 14. dxc5 a4
15. Bxd7+ Qxd7 16. f4 d4 17. Ne4 O-O 18. f5 f6 19. fxe6 Qxe6 20. Qxd4 Nc6 21.
Qd3 Rab8 22. Rae1 Ne5 23. Qd4 Qb3 24. Nd6 h6 25. Rf2 Ra8 26. Re3 Qe6 27. h3
Rfd8 28. Rc2 Ra7 29. Qe4 Kh8 30. Kh2 Rc7 31. Rec3 Qd7 32. Rd2 Qc6 33. Rd5 Rb8
34. Nc4 Nxc4 35. Rxc4 Re8 36. Qd4 Rce7 37. Rd6 Qc7 38. Rxa4 Re4 39. Qd1 Re2 40.
Qd5 Rxb2 41. Ra8 Rxa8 42. Qxa8+ Rb8 43. Qc6 Qxc6 44. Rxc6 Ra8 45. Kg3 Rxa3+ 46.
Kf4 Kg8 47. Rc7 Kf8 48. c6 Rc3 49. Kf5 Ke8 50. Ke6 Kd8 51. Rd7+ Kc8 52. Rxg7
Rxc6+ 53. Kf5 Kd8 54. Rh7 Ke8 55. Rxh6 1-0

[Event "BL 1617 SV Hockenheim - SV Mülheim Nor"]
[Site "?"]
[Date "2017.03.19"]
[Round "10.2"]
[White "Vitiugov, Nikita"]
[Black "Fridman, Daniel"]
[Result "1/2-1/2"]
[WhiteElo "2724"]
[BlackElo "2594"]
[PlyCount "188"]
[EventDate "2017.??.??"]

1. d4 Nf6 2. c4 e6 3. Nf3 d5 4. Nc3 Be7 5. Bg5 h6 6. Bh4 O-O 7. e3 Ne4 8. Bxe7
Qxe7 9. Rc1 c6 10. Be2 Nxc3 11. Rxc3 dxc4 12. Bxc4 Nd7 13. O-O b6 14. Bd3 c5
15. Qc2 Bb7 16. Bh7+ Kh8 17. Be4 cxd4 18. Nxd4 Bxe4 19. Qxe4 Nc5 20. Qc2 a5 21.
Nb3 Nxb3 22. Qxb3 Qb7 23. Rfc1 Rfc8 24. g3 Rxc3 25. Qxc3 Rd8 26. Qc6 Qb8 27. b3
Rd2 28. a4 Qd8 29. Qc8 Kh7 30. Qxd8 Rxd8 31. Rc6 b5 32. axb5 Rd5 33. Rb6 f5 34.
Kg2 g5 35. h3 h5 36. g4 fxg4 37. hxg4 h4 38. Rxe6 Rxb5 39. Rf6 Rxb3 40. Rf5 Kg6
41. Rxa5 Rb4 42. Kh3 Rb3 43. Ra6+ Kf7 44. Ra4 Kg6 45. Ra6+ Kf7 46. Ra2 Kg6 47.
Kg2 Rc3 48. Kf3 Rc4 49. Ra6+ Kg7 50. Re6 Ra4 51. Re4 Ra2 52. Re5 Kg6 53. Kg2
Ra4 54. Kh3 Ra3 55. Rf5 Rb3 56. Kg2 Ra3 57. Kh2 Ra2 58. Kg1 Ra1+ 59. Kg2 Ra3
60. Re5 Ra4 61. Kh3 Ra3 62. Re6+ Kg7 63. Rb6 Rc3 64. Rb2 Kg6 65. Kg2 Ra3 66.
Re2 Rb3 67. Kh2 Rb4 68. Kh3 Rb3 69. Kg2 Ra3 70. f3 Ra4 71. Kf2 Kf6 72. Rd2 Kg6
73. Rd6+ Kg7 74. Rd2 Kg6 75. Kg2 Ra3 76. e4 Kf6 77. Rd6+ Kg7 78. Rd2 Kf6 79.
Rb2 Kg7 80. Kf2 Kf6 81. Rb6+ Kg7 82. Rb2 Kf6 83. Rc2 Kf7 84. Rc7+ Kf6 85. Rc6+
Kg7 86. e5 Ra5 87. Rc7+ Kg6 88. Re7 Ra2+ 89. Kg1 Ra1+ 90. Kg2 Ra2+ 91. Kh3 Re2
92. Re6+ Kg7 93. Re7+ Kg6 94. Re6+ Kg7 1/2-1/2

[Event "BL 1617 SV Hockenheim - SV Mülheim Nor"]
[Site "?"]
[Date "2017.03.19"]
[Round "10.3"]
[White "Feygin, Michael"]
[Black "Jobava, Baadur"]
[Result "1/2-1/2"]
[WhiteElo "2481"]
[BlackElo "2701"]
[PlyCount "76"]
[EventDate "2017.??.??"]

1. e4 e5 2. Nf3 Nf6 3. Nxe5 d6 4. Nf3 Nxe4 5. d4 d5 6. Bd3 Bd6 7. O-O O-O 8.
Nc3 Nxc3 9. bxc3 Nd7 10. Re1 Re8 11. Bg5 f6 12. Bh4 Rxe1+ 13. Qxe1 Nb6 14. Qe3
Qf8 15. Nd2 Bg4 16. Bg3 Bd7 17. c4 Re8 18. Bxd6 Qxd6 19. c5 Rxe3 20. cxd6 Re8
21. dxc7 Rc8 22. Rb1 Rxc7 23. Rb4 Kf7 24. Kf1 h6 25. Ke1 Ke7 26. Nb1 Kd6 27.
Kd2 Nc8 28. Nc3 Ne7 29. Rb1 Nc8 30. Nd1 a6 31. Ne3 b5 32. c3 Nb6 33. Re1 Na4
34. Rc1 Nb2 35. Be2 Rc8 36. Rc2 Na4 37. Rc1 Nb6 38. g3 Na4 1/2-1/2

[Event "BL 1617 SV Hockenheim - SV Mülheim Nor"]
[Site "?"]
[Date "2017.03.19"]
[Round "10.8"]
[White "Banusz, Tamas"]
[Black "Warmerdam, Max"]
[Result "1/2-1/2"]
[WhiteElo "2615"]
[BlackElo "2382"]
[PlyCount "70"]
[EventDate "2017.??.??"]

1. Nf3 Nf6 2. c4 g6 3. g3 Bg7 4. Bg2 O-O 5. O-O c5 6. d4 cxd4 7. Nxd4 Nc6 8.
Nc3 Qa5 9. e3 d6 10. Bxc6 bxc6 11. Nxc6 Qc7 12. Nd5 Nxd5 13. cxd5 Bb7 14. Bd2
Bxc6 15. Rc1 Bxb2 16. Rxc6 Qd7 17. Qc2 Bf6 18. Kg2 Rab8 19. Rb1 Rxb1 20. Qxb1
Rc8 21. Qc2 Rb8 22. e4 Rb2 23. Qc1 h5 24. Bc3 Rxa2 25. Bxf6 exf6 26. Qb1 Re2
27. Qb8+ Kg7 28. Rc8 f5 29. Rg8+ Kf6 30. Kf1 Rxe4 31. f3 Rd4 32. Rd8 Rb4 33.
Qxb4 Qxd8 34. Qd4+ Ke7 35. Qxa7+ Qd7 1/2-1/2

[Event "BL 1617 SV Griesheim - SG Solingen"]
[Site "?"]
[Date "2017.03.19"]
[Round "10.1"]
[White "Rapport, Richard"]
[Black "Krassowizkij, Jaroslaw"]
[Result "1-0"]
[WhiteElo "2692"]
[BlackElo "2454"]
[PlyCount "63"]
[EventDate "2017.??.??"]

1. e4 e6 2. d4 d5 3. Nc3 Nf6 4. exd5 exd5 5. Bg5 Be7 6. Qd2 h6 7. Bf4 Bf5 8. f3
Nc6 9. g4 Be6 10. h4 Nd7 11. O-O-O a6 12. Qh2 Rc8 13. Nge2 Nb6 14. Bg3 Bd6 15.
Nf4 Bxf4+ 16. Bxf4 h5 17. Qg3 hxg4 18. fxg4 g5 19. Bxg5 Qxg5+ 20. hxg5 Rxh1 21.
g6 fxg6 22. Qf3 Rh8 23. Qf6 Kd7 24. Re1 Rhe8 25. Bh3 Re7 26. Rxe6 Rxe6 27. g5
Rce8 28. Ne2 Kd6 29. Qf4+ Kd7 30. Qf7+ Kd6 31. Bxe6 Rxe6 32. Nf4 1-0

[Event "BL 1617 SV Griesheim - SG Solingen"]
[Site "?"]
[Date "2017.03.19"]
[Round "10.8"]
[White "Nothnagel, Marian Can"]
[Black "Andersen, Mads"]
[Result "0-1"]
[WhiteElo "2107"]
[BlackElo "2558"]
[PlyCount "84"]
[EventDate "2017.??.??"]

1. e4 c5 2. g3 Nc6 3. Bg2 g6 4. d3 Bg7 5. f4 d6 6. Nf3 Nf6 7. O-O O-O 8. c3 Rb8
9. a3 b5 10. Nbd2 a5 11. Qe2 Nd7 12. Nh4 Qc7 13. Ndf3 e6 14. Bd2 b4 15. axb4
axb4 16. f5 bxc3 17. bxc3 Rb2 18. Qe3 Nf6 19. fxg6 hxg6 20. Bh3 d5 21. e5 d4
22. Qe1 Nd5 23. cxd4 Nxd4 24. Nxd4 cxd4 25. Nf3 Bb7 26. Rc1 Qb6 27. g4 Nc3 28.
Ng5 Qc6 29. Ne4 Rxd2 30. Qxd2 Nxe4 31. dxe4 Qxe4 32. Bg2 Qxg4 33. Rce1 Bh6 34.
Qb2 Rb8 35. Rd1 Be3+ 36. Kh1 Bxg2+ 37. Qxg2 Qxg2+ 38. Kxg2 Rb5 39. Rb1 Rxe5 40.
Rb7 Rg5+ 41. Kh1 Rf5 42. Ra1 Rf2 0-1

[Event "BL 1617 Bayern München - USV TU Dresde"]
[Site "?"]
[Date "2017.03.19"]
[Round "10.7"]
[White "Moehn, Hans"]
[Black "Belezky, Alexander"]
[Result "1/2-1/2"]
[WhiteElo "2376"]
[BlackElo "2397"]
[PlyCount "78"]
[EventDate "2017.??.??"]

1. Nf3 c5 2. c4 Nc6 3. Nc3 g6 4. g3 Bg7 5. Bg2 e6 6. d3 Nge7 7. h4 h6 8. Bd2 b6
9. Qc1 Bb7 10. O-O d6 11. e4 Kf8 12. Ne2 Kg8 13. Bc3 Bxc3 14. Qxc3 e5 15. Nh2
g5 16. h5 Bc8 17. f4 gxf4 18. gxf4 exf4 19. Rxf4 Ne5 20. d4 cxd4 21. Nxd4 Rh7
22. Re1 Rg7 23. Re3 Kh7 24. Rg3 Qg8 25. Nf1 Rxg3 26. Qxg3 Bg4 27. Nf5 Nxf5 28.
exf5 Rc8 29. b3 Bxh5 30. Rd4 Qh8 31. Rxd6 Rg8 32. Qf4 Rg5 33. Ng3 Qg7 34. Kh2
Rg4 35. Nxh5 Rxf4 36. Nxg7 Kxg7 37. c5 bxc5 38. Ra6 Rxf5 39. Rxa7 c4 1/2-1/2